000 00621nam a2200229Ia 4500
003 OSt
005 20221005123355.0
006 a|||||r|||| 00| 0
007 ta
008 221004b |||||||| |||| 00| 0 eng d
024 _a59390
037 _cTextual
040 _aCRL
_cCRL
_beng
041 _2eng
_aeng
082 _aV2:25xM75w, H6
100 _aAbdul Majid Khan
_9206888
245 0 _aLeader by Merit
_b A study of the career and character of Sardar Patel etc.
260 _c1946
650 _aHISTORY
942 _hV2:25xM75w, H6
_cTEXL
_2cc
999 _c1047250
_d1047250